000
00267nam a2200109Ia 4500
008
200302s9999 xx 000 0 und d
100
_a
B. Sudhakara Reddy
245
_a
Urban Energy Systems
260
_b
Concept Publishing Co. Ltd.
260
_c
1998
300
_a
246 P.,
999
_c
5551
_d
5551